000 00838nam a2200253Ia 4500
003 OSt
005 20221005113333.0
006 a|||||r|||| 00| 0
007 ta
008 221004b |||||||| |||| 00| 0 pan d
020 _a9788190478984 (hbk)
024 _a103057
037 _cTextual
040 _aCRL
_cCRL
_bpan
041 _2pan
_apan
082 _aO153,3:g, P8
100 _aਪੁਵਿੰਦਰ ਕੌਰ
245 0 _aਪਰਵਾਸੀ ਪੰਜਾਬੀ ਗਲਪ ਵਿਚ ਮਨੁੱਖੀ ਰਿਤਿਆਂ
260 _aਪਟਿਆਲਾ
_bਪ੍ਰਤੀਕ ਪਬਲੀਕੇਨਗ਼ ਭਾਰਤ
_c2008
300 _a238ਪੰ
_ccm.
650 _aਪੰਜਾਬੀ ਸਾਹਿਤ
942 _hO153,3:g, P8
_cTEXL
_2cc
999 _c1027846
_d1027846